000 00482nam a2200145Ia 4500
008 100204s9999 xx 000 0 und d
082 _b4765
100 _aआपटे हरि नारायण
245 _aयशवंतराव खरे
260 _b"रम्यकथा प्रकाशन , पुणे"
_c1973 6
300 _a404
630 _aयशवंतराव खरे
730 _aयशवंतराव खरे
942 _cBOOK
999 _c449454
_d449451